[Event "EU-ch Rapid"]
[Site "Katowice"]
[Date "2022.12.18"]
[Round "9"]
[White "Grochowski, Krzysztof"]
[Black "Blohberger, Felix"]
[Result "0-1"]
[WhiteElo "2035"]
[BlackElo "2490"]
[PlyCount "86"]
[EventDate "2022.12.17"]
[EventType "swiss (rapid)"]
[EventRounds "11"]
[EventCountry "POL"]
[SourceTitle "CBM 211 Extra"]
[Source "ChessBase"]
[SourceDate "2023.01.31"]
[SourceVersion "1"]
[SourceVersionDate "2023.01.31"]
[SourceQuality "1"]

1. e4 c5 2. c3 Nf6 3. e5 Nd5 4. d4 cxd4 5. Nf3 e6 6. cxd4 d6 7. Nc3 Nxc3 8. bxc3 Qc7 9. Qb3 dxe5 10. Nxe5 Nd7 11. Bb5 a6 12. Bxd7+ Bxd7 13. Ba3 Bxa3 14. Qxa3 Bb5 15. c4 Bxc4 16. Rc1 b5 17. Nxc4 bxc4 18. Qa4+ Qd7 19. Rxc4 Qxa4 20. Rxa4 Kd7 21. Kd2 Rhb8 22. Rc1 Rb2+ 23. Rc2 Rxc2+ 24. Kxc2 Rc8+ 25. Kd2 Rc6 26. Rb4 Kc7 27. g3 h5 28. h4 f6 29. Kd3 g5 30. f3 Rc1 31. Rc4+ Rxc4 32. Kxc4 Kc6 33. Kc3 Kd5 34. Kd3 gxh4 35. gxh4 e5 36. dxe5 Kxe5 37. Ke3 Kf5 38. a3 Ke5 39. f4+ Kd5 40. Kd3 f5 41. a4 a5 42. Kc3 Ke4 43. Kc4 Kxf4 0-1

[Event "EU-ch Rapid"]
[Site "Katowice"]
[Date "2022.12.18"]
[Round "10"]
[White "Maly, Alexey"]
[Black "Grochowski, Krzysztof"]
[Result "1-0"]
[WhiteElo "2370"]
[BlackElo "2035"]
[PlyCount "61"]
[EventDate "2022.12.17"]
[EventType "swiss (rapid)"]
[EventRounds "11"]
[EventCountry "POL"]
[SourceTitle "CBM 211 Extra"]
[Source "ChessBase"]
[SourceDate "2023.01.31"]
[SourceVersion "1"]
[SourceVersionDate "2023.01.31"]
[SourceQuality "1"]

1. d4 Nf6 2. c4 e5 3. dxe5 Ne4 4. a3 d6 5. Nf3 Nc6 6. Qc2 Bf5 7. Nc3 Ng3 8. e4 Nxh1 9. exf5 dxe5 10. Bg5 Be7 11. Bxe7 Qxe7 12. Nd5 Qd6 13. 0-0-0 Nd4 14. Nxd4 exd4 15. Qe2+ Kf8 16. g3 c6 17. Nf4 g5 18. Nh5 g4 19. Bg2 Qh6+ 20. Nf4 d3 21. Qe5 Rg8 22. Bxh1 Re8 23. Qc5+ Kg7 24. Qd4+ Kf8 25. Rxd3 Qxh2 26. Ne6+ Rxe6 27. fxe6 Qxh1+ 28. Kc2 Qe1 29. Qd8+ Kg7 30. Qg5+ Kh8 31. Qf6+ 1-0

[Event "Warsaw Maciei Memorial"]
[Site "Warsaw"]
[Date "2022.07.08"]
[Round "7"]
[White "Grochowski, Krzysztof"]
[Black "Vanduyfhuys, Daria"]
[Result "1/2-1/2"]
[WhiteElo "2035"]
[BlackElo "2094"]
[PlyCount "108"]
[EventDate "2022.07.08"]
[EventType "swiss (blitz)"]
[EventRounds "11"]
[EventCountry "POL"]
[SourceTitle "CBM 209 Extra"]
[Source "ChessBase"]
[SourceDate "2022.09.30"]
[SourceVersion "1"]
[SourceVersionDate "2022.09.30"]
[SourceQuality "1"]

1. e4 c5 2. c3 d5 3. exd5 Qxd5 4. d4 Nf6 5. Nf3 e6 6. Be2 Be7 7. Be3 cxd4 8. cxd4 0-0 9. 0-0 Nc6 10. Nc3 Qd8 11. Ne5 Nb4 12. Bf3 Nbd5 13. Qb3 Nxe3 14. fxe3 Bd6 15. Rfd1 Qe7 16. Nc4 Bb8 17. e4 e5 18. d5 Ne8 19. Rac1 Nd6 20. Nb5 Nxc4 21. Rxc4 a6 22. d6 Qd8 23. Nc7 Ba7+ 24. Kh1 Rb8 25. Qc3 b5 26. Rc6 Bb7 27. Nxa6 Bxc6 28. Nxb8 Bxe4 29. Bxe4 Bxb8 30. Qxe5 Re8 31. Qd5 Bxd6 32. h3 Bc7 33. Bf3 Qxd5 34. Bxd5 b4 35. g4 g6 36. Rd2 Kg7 37. Kg2 Rd8 38. Kf3 Be5 39. a3 bxa3 40. bxa3 Rd6 41. Rd3 Bb2 42. a4 Be5 43. Be4 Rxd3+ 44. Bxd3 Bd4 45. Ke4 Bf2 46. Kd5 Kf6 47. a5 Ke7 48. Kc6 Kf6 49. a6 Kg5 50. a7 Bxa7 51. Kd6 f5 52. gxf5 gxf5 53. Ke6 Bb8 54. Be2 f4 1/2-1/2

[Event "POL-ch U18"]
[Site "Leba"]
[Date "2006.03.28"]
[Round "6"]
[White "Grochowski, Krzysztof"]
[Black "Niedzwiedz, Marek"]
[Result "1-0"]
[WhiteElo "1955"]
[BlackElo "2030"]
[PlyCount "65"]
[EventDate "2006.03.25"]
[EventType "swiss"]
[EventRounds "11"]
[EventCountry "POL"]
[SourceTitle "CBM 111 Extra"]
[Source "ChessBase"]
[SourceDate "2006.05.09"]
[SourceVersion "1"]
[SourceVersionDate "2006.05.09"]
[SourceQuality "1"]

1. e4 d6 2. d4 Nf6 3. Bd3 g6 4. c3 Bg7 5. Nf3 0-0 6. 0-0 Nbd7 7. Be3 e5 8. Nbd2 h6 9. Qb3 Ng4 10. Rae1 Nb6 11. h3 Nxe3 12. Rxe3 exd4 13. cxd4 c6 14. Rfe1 Be6 15. Qc2 Rc8 16. b3 Rc7 17. a4 Re7 18. Nc4 d5 19. Nxb6 dxe4 20. Bxe4 axb6 21. Bxg6 Rfe8 22. Bd3 Bd5 23. Ne5 Re6 24. Bh7+ Kf8 25. Bf5 Rxe5 26. dxe5 Qg5 27. Rg3 Qf4 28. Rg4 Rxe5 29. Rxf4 Rxe1+ 30. Kh2 Be5 31. Qd2 Ra1 32. Qe3 f6 33. Be4 1-0

[Event "POL-ch U18"]
[Site "Leba"]
[Date "2006.03.27"]
[Round "4"]
[White "Grochowski, Krzysztof"]
[Black "Gola, Karol"]
[Result "1/2-1/2"]
[WhiteElo "1955"]
[BlackElo "2058"]
[PlyCount "66"]
[EventDate "2006.03.25"]
[EventType "swiss"]
[EventRounds "11"]
[EventCountry "POL"]
[SourceTitle "CBM 111 Extra"]
[Source "ChessBase"]
[SourceDate "2006.05.09"]
[SourceVersion "1"]
[SourceVersionDate "2006.05.09"]
[SourceQuality "1"]

1. e4 c5 2. c3 d5 3. exd5 Qxd5 4. d4 Nf6 5. Nf3 Bg4 6. Be2 e6 7. 0-0 Nc6 8. Be3 cxd4 9. cxd4 Be7 10. Nc3 Qd6 11. h3 Bh5 12. a3 0-0 13. Rc1 Rfd8 14. g4 Bg6 15. b4 a6 16. Qb3 Nd5 17. Nxd5 Qxd5 18. Qxd5 Rxd5 19. Rfd1 h6 20. Bc4 Rd6 21. Ne5 Be4 22. Nxc6 Bxc6 23. d5 exd5 24. Bc5 Rd7 25. Bxe7 dxc4 26. Rxd7 Bxd7 27. Rxc4 Re8 28. Bc5 Re1+ 29. Kh2 Bc6 30. Be3 Rh1+ 31. Kg3 Rg1+ 32. Kf4 Rh1 33. Kg3 Rg1+ 1/2-1/2

[Event "Pobeskydy Alpress 16th"]
[Site "Frydek Mistek"]
[Date "2005.03.26"]
[Round "5"]
[White "Mielke, Sven"]
[Black "Grochowski, Krzysztof"]
[Result "1-0"]
[WhiteElo "2115"]
[BlackElo "1920"]
[PlyCount "51"]
[EventDate "2005.03.24"]
[EventType "swiss"]
[EventRounds "9"]
[EventCountry "CZE"]
[SourceTitle "CBM 105 Extra"]
[Source "ChessBase"]
[SourceDate "2005.05.01"]
[SourceVersion "1"]
[SourceVersionDate "2005.05.01"]
[SourceQuality "1"]

1. e4 c6 2. d4 d5 3. e5 Bf5 4. Ne2 e6 5. Nf4 h6 6. Bd3 Bxd3 7. Qxd3 Nd7 8. 0-0 Ne7 9. Nc3 a6 10. Nce2 c5 11. c3 Nc6 12. Be3 Qb6 13. b3 Be7 14. Nxe6 fxe6 15. Qg6+ Kd8 16. Qxe6 cxd4 17. cxd4 Nb4 18. Qh3 Rc8 19. Nf4 Rc6 20. Rac1 Nxa2 21. Nxd5 Qa5 22. Rxc6 bxc6 23. Nxe7 Kxe7 24. Bg5+ Ke8 25. Qe6+ Kf8 26. Be7+ 1-0

[Event "Pobeskydy Alpress 16th"]
[Site "Frydek Mistek"]
[Date "2005.03.24"]
[Round "1"]
[White "Grochowski, Krzysztof"]
[Black "Lasinskas, Povilas"]
[Result "0-1"]
[WhiteElo "1920"]
[BlackElo "2219"]
[PlyCount "34"]
[EventDate "2005.03.24"]
[EventType "swiss"]
[EventRounds "9"]
[EventCountry "CZE"]
[SourceTitle "CBM 105 Extra"]
[Source "ChessBase"]
[SourceDate "2005.05.01"]
[SourceVersion "1"]
[SourceVersionDate "2005.05.01"]
[SourceQuality "1"]

1. e4 e5 2. d4 Nc6 3. Nf3 d6 4. d5 Nce7 5. Bd3 Nf6 6. 0-0 Ng6 7. Be3 Be7 8. c4 0-0 9. Nc3 Nh5 10. b4 a5 11. a3 Nhf4 12. Bc2 Bg4 13. Rb1 Nxg2 14. Kxg2 Nh4+ 15. Kg1 Bxf3 16. Qc1 Qd7 17. Rd1 Qh3 0-1